Women and environment in the third world (Record no. 2304)
[ view plain ]
| 000 -LEADER | |
|---|---|
| fixed length control field | 00532nam a2200217Ia 4500 |
| 003 - CONTROL NUMBER IDENTIFIER | |
| control field | 0100 |
| 008 - FIXED-LENGTH DATA ELEMENTS--GENERAL INFORMATION | |
| fixed length control field | 130227s9999 xx 000 0 und d |
| 040 ## - CATALOGING SOURCE | |
| Transcribing agency | ARRUPELIB |
| 050 ## - LIBRARY OF CONGRESS CALL NUMBER | |
| Classification number | HD1131.D36 |
| 100 ## - MAIN ENTRY--PERSONAL NAME | |
| Personal name | Dankelman, Irene |
| 245 ## - TITLE STATEMENT | |
| Title | Women and environment in the third world |
| 245 ## - TITLE STATEMENT | |
| Remainder of title | alliance for the future |
| 260 ## - PUBLICATION, DISTRIBUTION, ETC. (IMPRINT) | |
| Place of publication, distribution, etc | London |
| 260 ## - PUBLICATION, DISTRIBUTION, ETC. (IMPRINT) | |
| Name of publisher, distributor, etc | Earthscan Publications |
| 260 ## - PUBLICATION, DISTRIBUTION, ETC. (IMPRINT) | |
| -- | 1988 |
| 300 ## - PHYSICAL DESCRIPTION | |
| Extent | 210p. |
| 300 ## - PHYSICAL DESCRIPTION | |
| Other physical details | 23 cm |
| 650 ## - SUBJECT ADDED ENTRY--TOPICAL TERM | |
| Topical term following geographic name as entry element | Christianity and culture |
| 700 ## - ADDED ENTRY--PERSONAL NAME | |
| Personal name | Davidson, Joan |
| 942 ## - ADDED ENTRY ELEMENTS (KOHA) | |
| Source of classification or shelving scheme | Library of Congress Classification |
| Koha issues (borrowed), all copies | 9 |
| Withdrawn status | Lost status | Source of classification or shelving scheme | Damaged status | Not for loan | Collection code | Home library | Current library | Shelving location | Date acquired | Total Checkouts | Full call number | Barcode | Date last seen | Date last borrowed | Copy number | Price effective from | Koha item type |
|---|---|---|---|---|---|---|---|---|---|---|---|---|---|---|---|---|---|
| Library of Congress Classification | Main Collection | ARRUPE LIBRARY | ARRUPE LIBRARY | 27/02/2013 | 1 | HD1131.D36 | 46403383 | 08/05/2018 | 04/04/2017 | 1 | 27/02/2013 | Monograph ( Printed materials) | |||||
| Library of Congress Classification | Main Collection | ARRUPE LIBRARY | ARRUPE LIBRARY | 27/02/2013 | 11 | HQ1240.5.D44W65 1988 | 46404414 | 28/09/2021 | 21/09/2018 | 2 | 27/02/2013 | Monograph ( Printed materials) |